000
00309nam a2200121Ia 4500
008
220204s9999 xx 000 0 und d
082
_a
582.5:581.4
_b
EAM
100
_a
EAMES, Arthur J
245
0
_a
Morphology of the angiosperms
260
_a
New York
_b
McGraw Hill
_c
1961
650
_a
Angiosperm
942
_c
BK
999
_c
20975
_d
20975